Score 0/47 Timer 05:00
1 Play Today
% Correct
care
97.3%
dare
96.8%
bare
94.8%
bear
94.5%
mare
94%
fair
93.7%
air
92.3%
lair
90.3%
fare
88.8%
wear
85.9%
stare
85.7%
rare
84.8%
pair
83.5%
tear
82.9%
pare
80.7%
chair
80.3%
hare
79.9%
ware
79.3%
tare
78.4%
share
77.5%
spare
71%
pear
68.1%
flair
67%
glare
66.6%
% Correct
blare
66.3%
stair
66.2%
snare
62.1%
where
61.6%
flare
60.4%
there
60.4%
scare
56.3%
swear
49.1%
their
47.8%
prayer
45.3%
square
45.3%
yare
33.5%
ere
32.9%
err
27%
heir
26.6%
vair
21.6%
chare
21%
weir
14.4%
ne'er
11.7%
eyre
11.2%
glair
11.2%
e'er
10.9%
père
7.4%

You're not logged in!

Compare scores with friends on all Sporcle quizzes.
OR
Log In

Sporcle TV

Today on Sporcle TV


Watch our educational content, quiz creation guides, and fun videos on Sporcle TV.

Show Comments

Extras

Top Quizzes Today


Score Distribution

Your Account Isn't Verified!

In order to create a playlist on Sporcle, you need to verify the email address you used during registration. Go to your Sporcle Settings to finish the process.

Report this User

Report this user for behavior that violates our Community Guidelines.

Details: